00320nam a2200109Ia 4500008004100000245007300041260004800114260000900162300000900171500001400180650001600194170224s9999 xx 000 0 und d aProducing a commentary slows concurrent hazard perception responses. bJournal of Experimental Psychology: Applied c2014 a20:3 aSeptember xPsychology.